AH International Schools' Libraries

The four friends (KHMER) / (Record no. 50281)

MARC details
000 -LEADER
fixed length control field 00278nam a2200109 4500
020 ## - INTERNATIONAL STANDARD BOOK NUMBER
International Standard Book Number 9789924342083
100 ## - MAIN ENTRY--PERSONAL NAME
Personal name Ouk, Ratha
9 (RLIN) 87299
245 ## - TITLE STATEMENT
Title The four friends (KHMER) /
Statement of responsibility, etc Ratha Ouk
260 ## - PUBLICATION, DISTRIBUTION, ETC. (IMPRINT)
Place of publication, distribution, etc Cambodia
Name of publisher, distributor, etc Sipar
Date of publication, distribution, etc 2025
300 ## - PHYSICAL DESCRIPTION
Extent 28 p.
Other physical details col. ill.
Dimensions 27 cm.
942 ## - ADDED ENTRY ELEMENTS (KOHA)
Source of classification or shelving scheme
Koha item type Book
Holdings
Withdrawn status Lost status Source of classification or shelving scheme Damaged status Not for loan Collection code Home library Current library Shelving location Date acquired Total Checkouts Full call number Barcode Date last seen Price effective from Koha item type
          Siem Riep Asian Hope Early Years Library Asian Hope Early Years Library Easy Reading 03/24/2026   KHMER E OUK 209892 03/24/2026 03/24/2026 Book

For any Logos Library related questions please contact Miss Art at swongnarasuk@asianhope.org.

For any Asian Hope Library related questions please contact Miss Raza at graza@asianhope.org.

Powered by Koha